[Event "Tianjin Binhai Cup-A 3rd"]
[Site "Tianjin"]
[Date "2023.08.25"]
[Round "9"]
[White "Sivuk, Vitaly"]
[Black "Wang, Shixu B"]
[Result "1-0"]
[WhiteElo "2459"]
[BlackElo "2415"]
[PlyCount "65"]
[EventDate "2023.08.20"]
[EventType "swiss"]
[EventRounds "9"]
[EventCountry "CHN"]
[SourceTitle "CBM 215 Extra"]
[Source "ChessBase"]
[SourceDate "2023.09.30"]
[SourceVersion "1"]
[SourceVersionDate "2023.09.30"]
[SourceQuality "1"]

1. d4 Nf6 2. c4 e6 3. Nf3 d5 4. Nc3 Be7 5. g3 0-0 6. Bg2 dxc4 7. Ne5 c5 8. dxc5 Qxd1+ 9. Nxd1 Bxc5 10. Bd2 Nc6 11. Nxc4 Rd8 12. Rc1 Nd5 13. Na5 Bb4 14. Bxb4 Ndxb4 15. Bxc6 Nxc6 16. Nxc6 bxc6 17. f3 e5 18. Rxc6 e4 19. fxe4 f5 20. Rc7 fxe4 21. Rf1 Be6 22. Nc3 Rab8 23. b3 Rbc8 24. Rxc8 Rxc8 25. Kd2 e3+ 26. Kd3 g6 27. Rf3 Bf5+ 28. Kd4 Rd8+ 29. Kxe3 Rd7 30. Rf4 a6 31. Rd4 Re7+ 32. Kd2 Re6 33. g4 1-0

[Event "Tianjin Binhai Cup-A 3rd"]
[Site "Tianjin"]
[Date "2023.08.22"]
[Round "4"]
[White "Wang, Shixu B"]
[Black "Xu, Yinglun"]
[Result "1/2-1/2"]
[WhiteElo "2415"]
[BlackElo "2531"]
[PlyCount "52"]
[EventDate "2023.08.20"]
[EventType "swiss"]
[EventRounds "9"]
[EventCountry "CHN"]
[SourceTitle "CBM 215 Extra"]
[Source "ChessBase"]
[SourceDate "2023.09.30"]
[SourceVersion "1"]
[SourceVersionDate "2023.09.30"]
[SourceQuality "1"]

1. d4 d5 2. c4 e6 3. Nc3 c6 4. Nf3 Nf6 5. Bg5 h6 6. Bxf6 Qxf6 7. e3 Nd7 8. Rc1 g6 9. cxd5 exd5 10. Bd3 Bg7 11. b4 0-0 12. 0-0 a6 13. a4 Nb6 14. b5 axb5 15. axb5 Bg4 16. bxc6 bxc6 17. h3 Bxf3 18. Qxf3 Qxf3 19. gxf3 Rfc8 20. Rb1 Nd7 21. Rfc1 Bf8 22. Bf1 Nf6 23. Rb6 Nd7 24. Rb7 Nf6 25. Rb6 Nd7 26. Rb7 Nf6 1/2-1/2

[Event "Thailand op"]
[Site "Chiangmai"]
[Date "2023.07.01"]
[Round "5"]
[White "Wang, Shixu B"]
[Black "Xu, Yi"]
[Result "1/2-1/2"]
[WhiteElo "2413"]
[BlackElo "2502"]
[PlyCount "43"]
[EventDate "2023.06.28"]
[EventType "swiss"]
[EventRounds "9"]
[EventCountry "THA"]
[SourceTitle "CBM 215 Extra"]
[Source "ChessBase"]
[SourceDate "2023.09.30"]
[SourceVersion "1"]
[SourceVersionDate "2023.09.30"]
[SourceQuality "1"]

1. d4 Nf6 2. c4 e6 3. Nf3 d5 4. Nc3 Bb4 5. Bg5 h6 6. Bxf6 Qxf6 7. Qb3 c5 8. cxd5 exd5 9. dxc5 Bxc3+ 10. Qxc3 Qxc3+ 11. bxc3 Na6 12. Rd1 Be6 13. e4 dxe4 14. Bxa6 bxa6 15. Nd4 Rc8 16. Nxe6 fxe6 17. Rd6 Ke7 18. Rxa6 Rxc5 19. Rxa7+ Kf6 20. 0-0 Rxc3 21. Ra4 Rc2 22. Rxe4 1/2-1/2

[Event "CHN-ch sf"]
[Site "Hefei"]
[Date "2023.04.25"]
[Round "5"]
[White "Liu, Bolei"]
[Black "Wang, Shixu B"]
[Result "0-1"]
[WhiteElo "1764"]
[BlackElo "2433"]
[PlyCount "126"]
[EventDate "2023.04.23"]
[EventType "swiss"]
[EventRounds "11"]
[EventCountry "CHN"]
[SourceTitle "CBM 214 Extra"]
[Source "ChessBase"]
[SourceDate "2023.07.31"]
[SourceVersion "1"]
[SourceVersionDate "2023.07.31"]
[SourceQuality "1"]

1. d4 Nf6 2. Nf3 e6 3. Bg5 h6 4. Bh4 b6 5. e3 Bb7 6. Nbd2 Be7 7. c4 c5 8. dxc5 bxc5 9. Be2 0-0 10. 0-0 d5 11. Nb3 Nbd7 12. Rc1 Qb6 13. Qc2 Rac8 14. Rfd1 Rfd8 15. Qc3 Ne4 16. Qa5 g5 17. Bg3 h5 18. Qxb6 axb6 19. cxd5 exd5 20. Bb5 h4 21. Bxd7 Rxd7 22. Be5 Ra8 23. a3 Rad8 24. h3 Ba6 25. Bh2 Be2 26. Re1 Bb5 27. Nbd2 Nxd2 28. Nxd2 Bf6 29. Nf3 Re8 30. Rc2 d4 31. exd4 Rxe1+ 32. Nxe1 Rxd4 33. Rc1 Rd2 34. Bc7 Bxb2 35. Rb1 c4 36. Bxb6 c3 37. Be3 Rd5 38. Nf3 f6 39. g3 hxg3 40. fxg3 Rd3 41. Kf2 Rxe3 42. Kxe3 c2 43. Re1 c1Q+ 44. Rxc1 Bxc1+ 45. Kd4 Bxa3 46. h4 g4 47. Nh2 Bd7 48. Ke4 Kf7 49. h5 Kg7 50. Nf1 Bc1 51. Ne3 Bxe3 52. Kxe3 Kh6 53. Kf4 Kxh5 54. Ke4 Kg5 55. Ke3 f5 56. Kf2 f4 57. gxf4+ Kxf4 58. Kg2 Bc6+ 59. Kf2 g3+ 60. Kf1 Kf3 61. Kg1 g2 62. Kh2 Kf2 63. Kh3 g1Q 0-1

[Event "CHN-chT"]
[Site "Nanjing"]
[Date "2023.02.16"]
[Round "3.2"]
[White "Chen, Yuan1111"]
[Black "Wang, Shixu B"]
[Result "0-1"]
[WhiteElo "2180"]
[BlackElo "2484"]
[PlyCount "88"]
[EventDate "2023.02.14"]
[EventType "team-swiss"]
[EventRounds "9"]
[EventCountry "CHN"]
[SourceTitle "CBM 212 Extra"]
[Source "ChessBase"]
[SourceDate "2023.03.31"]
[SourceVersion "1"]
[SourceVersionDate "2023.03.31"]
[SourceQuality "1"]
[WhiteTeam "Zhejiang"]
[BlackTeam "Tianjin"]
[WhiteTeamCountry "CHN"]
[BlackTeamCountry "CHN"]

1. e4 c5 2. Nf3 d6 3. Bb5+ Nd7 4. c4 g6 5. 0-0 Bg7 6. d3 Ngf6 7. h3 0-0 8. Ba4 Ne8 9. Nc3 Nc7 10. Bg5 Ne6 11. Bh4 h6 12. Bxd7 Bxd7 13. Nd5 g5 14. Bg3 Nd4 15. Ne3 Nxf3+ 16. Qxf3 Bxb2 17. Rab1 Bg7 18. Qh5 b6 19. f4 e5 20. fxg5 Qxg5 21. Qf3 h5 22. Be1 Rae8 23. Bd2 f5 24. exf5 e4 25. dxe4 Bc6 26. Rbe1 Bxe4 27. Qf4 Qxf4 28. Rxf4 Bd4 29. g4 hxg4 30. hxg4 Kg7 31. g5 Rh8 32. Bc1 Bc6 33. Kf2 Rh2+ 34. Kg3 Be5 35. Kxh2 Bxf4+ 36. Kh3 Bxg5 37. Rg1 Rh8+ 38. Kg4 Kf7 39. Rd1 Rg8 40. Kh3 Bf3 41. Rg1 Be4 42. Rd1 Bf4 43. Re1 Bf3 44. Bb2 Rg5 0-1

[Event "CHN-chT"]
[Site "Nanjing"]
[Date "2023.02.15"]
[Round "2.2"]
[White "Wang, Shixu B"]
[Black "Lou, Yiping"]
[Result "0-1"]
[WhiteElo "2484"]
[BlackElo "2500"]
[PlyCount "110"]
[EventDate "2023.02.14"]
[EventType "team-swiss"]
[EventRounds "9"]
[EventCountry "CHN"]
[SourceTitle "CBM 212 Extra"]
[Source "ChessBase"]
[SourceDate "2023.03.31"]
[SourceVersion "1"]
[SourceVersionDate "2023.03.31"]
[SourceQuality "1"]
[WhiteTeam "Tianjin"]
[BlackTeam "Shanghai"]
[WhiteTeamCountry "CHN"]
[BlackTeamCountry "CHN"]

1. d4 Nf6 2. c4 e6 3. Nc3 Bb4 4. Nf3 h6 5. e3 Bxc3+ 6. bxc3 d6 7. Bd3 0-0 8. 0-0 e5 9. Nd2 c5 10. d5 Nbd7 11. e4 Kh8 12. Re1 Ng8 13. Nf1 g6 14. Ng3 Qh4 15. Rf1 Ndf6 16. Rb1 b6 17. Bd2 Bd7 18. Be1 Qg5 19. f3 Nh5 20. Nxh5 Qxh5 21. h4 f5 22. f4 Qxd1 23. Rxd1 exf4 24. exf5 g5 25. hxg5 hxg5 26. g3 Bxf5 27. gxf4 gxf4 28. Rxf4 Bxd3 29. Rxf8 Rxf8 30. Rxd3 Nh6 31. Re3 Nf5 32. Re4 Kg7 33. Kg2 Kf7 34. Rf4 Kf6 35. Re4 Rg8+ 36. Kf2 Rg3 37. Bd2 Rd3 38. Re6+ Kg7 39. Bg5 Rg3 40. Bf4 Rxc3 41. Bxd6 Nxd6 42. Rxd6 Rxc4 43. Rd7+ Kf6 44. Rxa7 Ke5 45. Rb7 Rb4 46. Ke3 Kxd5 47. Kd3 Kc6 48. Ra7 Kb5 49. Ra3 Ra4 50. Rb3+ Ka5 51. Rb2 b5 52. Kc3 Ra3+ 53. Kc2 Rh3 54. Rb3 Rxb3 55. axb3 Kb6 0-1

[Event "CHN-chT Div-B"]
[Site "Hainan"]
[Date "2023.02.08"]
[Round "4"]
[White "Zhu, Hengyi"]
[Black "Wang, Shixu B"]
[Result "0-1"]
[WhiteElo "2163"]
[BlackElo "2484"]
[PlyCount "52"]
[EventDate "2023.02.06"]
[EventType "team-tourn"]
[EventRounds "9"]
[EventCountry "CHN"]
[SourceTitle "CBM 213 Extra"]
[Source "ChessBase"]
[SourceDate "2023.05.31"]
[SourceVersion "1"]
[SourceVersionDate "2023.05.31"]
[SourceQuality "1"]
[WhiteTeam "Hangzhou Chess Assoc"]
[BlackTeam "Tianjin 361"]
[WhiteTeamCountry "CHN"]
[BlackTeamCountry "CHN"]

1. e4 c5 2. Nf3 d6 3. d4 cxd4 4. Nxd4 Nf6 5. Nc3 a6 6. Bg5 e6 7. f4 h6 8. Bh4 Qb6 9. Qd2 Qxb2 10. Rb1 Qa3 11. f5 Nc6 12. fxe6 Bxe6 13. Nxe6 fxe6 14. Bc4 Nd8 15. Bd3 Be7 16. e5 dxe5 17. Bg6+ Nf7 18. Rb3 Qc5 19. Bxf6 gxf6 20. Ne4 Qc4 21. Rxb7 Rd8 22. Nxf6+ Kf8 23. Nd7+ Kg7 24. Bd3 Qc6 25. 0-0 Qxb7 26. Qe2 Rxd7 0-1